| 000 | 00940nam a2200313 a 4500 | ||
|---|---|---|---|
| 999 |
_c9672 _d9672 |
||
| 001 | 9672 | ||
| 003 | BD - JhCC | ||
| 005 | 20180325192949.0 | ||
| 008 | 180321s19751968nyu b 001 0 eng d | ||
| 020 | _a0060438460 | ||
| 035 |
_a0300037724 _a(BD - JhCC)9672 |
||
| 040 |
_aDLC _cDLC _dBD-JhCC |
||
| 041 | _aeng | ||
| 050 | 0 |
_aDS747 _b.H79 1989 |
|
| 082 |
_a931/.03 _219 _bLAN |
||
| 100 | 1 |
_aLanger, William L. _d1930- |
|
| 245 | 1 | 0 |
_aWestern civilization II : _bthe expansion of empire to Europe in the modern world / _cWilliam L. Langer |
| 250 | _a2nd ed. | ||
| 260 |
_aNew Haven : _aLondon : _bYale University Press, _cc1988. |
||
| 300 |
_axxiv, 485 p. : _bill ; _c25 cm |
||
| 504 | _aIncludes bibliographies and index | ||
| 650 | _aCivilization, Western | ||
| 651 | _aRome (Empire) | ||
| 651 | _aGreece | ||
| 700 | 1 | _aLinduff, Katheryn M. | |
| 830 | 0 | _aEarly Chinese civilization series | |
| 942 |
_2ddc _cBK |
||